[Event "WchT Seniors 50"]
[Site "Prague"]
[Date "2020.03.09"]
[Round "4.21"]
[White "Levinsky, Ladislav"]
[Black "Hejda, Antonin"]
[Result "1-0"]
[WhiteElo "1477"]
[BlackElo "1907"]
[PlyCount "101"]
[EventDate "2020.03.06"]
[EventType "team-swiss"]
[EventRounds "7"]
[EventCountry "CZE"]
[SourceTitle "CBM 195 Extra"]
[Source "ChessBase"]
[SourceDate "2020.05.31"]
[SourceVersion "1"]
[SourceVersionDate "2020.05.31"]
[SourceQuality "1"]
[WhiteTeam "Czech Republic 50 XVI"]
[BlackTeam "Czech Republic 50 X"]
[WhiteTeamCountry "CZE"]
[BlackTeamCountry "CZE"]

1. Nf3 Nf6 2. d4 d5 3. Bf4 Nh5 4. Bg3 Nxg3 5. hxg3 Nc6 6. e3 e6 7. c3 Bd6 8. Bd3 h6 9. Qc2 e5 10. dxe5 Nxe5 11. Nxe5 Bxe5 12. Nd2 c6 13. Bf5 Bd7 14. g4 Qe7 15. Nf3 0-0-0 16. Bxd7+ Rxd7 17. Nxe5 Qxe5 18. 0-0-0 g6 19. Qa4 b6 20. Qxc6+ Qc7 21. Qxc7+ Kxc7 22. Rd4 Kc6 23. Kc2 Re7 24. Rhd1 Re5 25. Kd3 f5 26. Ke2 fxg4 27. Rxg4 g5 28. c4 dxc4 29. Rxc4+ Kb5 30. Rc7 Rc5 31. Rxa7 g4 32. Rad7 h5 33. R7d5 h4 34. Rxc5+ bxc5 35. Rc1 Ra8 36. a3 h3 37. gxh3 gxh3 38. Rh1 Rh8 39. b3 Ra8 40. Rxh3 Rxa3 41. e4 Kb4 42. Rh8 Ra2+ 43. Kd3 Rxf2 44. Rb8+ Ka3 45. Kc3 Rf3+ 46. Kc4 Re3 47. Kd5 Re1 48. e5 Kb2 49. e6 Re3 50. Kd6 Re4 51. e7 1-0

[Event "Pardubice Czech op-D 30th"]
[Site "Pardubice"]
[Date "2019.07.22"]
[Round "4"]
[White "Jun, Robert"]
[Black "Levinsky, Ladislav"]
[Result "1-0"]
[WhiteElo "1247"]
[BlackElo "1515"]
[PlyCount "35"]
[EventDate "2019.07.20"]
[EventType "swiss"]
[EventRounds "9"]
[EventCountry "CZE"]
[SourceTitle "EXT 2020"]
[Source "ChessBase"]
[SourceDate "2019.10.17"]
[SourceVersion "1"]
[SourceVersionDate "2019.10.17"]
[SourceQuality "1"]

1. e4 c5 2. Nf3 e6 3. d4 cxd4 4. Nxd4 Nc6 5. Nxc6 bxc6 6. Bd3 Bc5 7. 0-0 Ne7 8. Nc3 0-0 9. Qh5 Ng6 10. Qxc5 Bb7 11. Qg5 f6 12. Qh5 d5 13. e5 f5 14. g4 Nxe5 15. gxf5 Nxd3 16. cxd3 Rxf5 17. Qe2 Qh4 18. Qxe6+ 1-0

[Event "Prague-F"]
[Site "Prague"]
[Date "2019.03.12"]
[Round "5.5"]
[White "Nigrin, Jiri"]
[Black "Levinsky, Ladislav"]
[Result "1/2-1/2"]
[WhiteElo "1611"]
[BlackElo "1528"]
[PlyCount "24"]
[EventDate "2019.03.09"]
[EventType "tourn"]
[EventRounds "9"]
[EventCountry "CZE"]
[SourceTitle "CBM 189 Extra"]
[Source "ChessBase"]
[SourceDate "2019.06.03"]
[SourceVersion "1"]
[SourceVersionDate "2019.06.03"]
[SourceQuality "1"]

1. d4 Nf6 2. c4 g6 3. Nf3 Bg7 4. g3 c6 5. Bg2 d6 6. 0-0 0-0 7. Nc3 Nbd7 8. e4 e5 9. d5 c5 10. b3 a6 11. Bb2 Ne8 12. Nd2 Nb8 1/2-1/2

[Event "Hradec Kralove op 8th"]
[Site "Hradec Kralove"]
[Date "2017.10.04"]
[Round "5"]
[White "Svoboda, Frantisek"]
[Black "Levinsky, Ladislav"]
[Result "1-0"]
[WhiteElo "1725"]
[BlackElo "1559"]
[PlyCount "61"]
[EventDate "2017.10.01"]
[EventType "swiss"]
[EventRounds "9"]
[EventCountry "CZE"]
[SourceTitle "CBM 181 Extra"]
[Source "ChessBase"]
[SourceDate "2017.12.12"]
[SourceVersion "1"]
[SourceVersionDate "2017.12.12"]
[SourceQuality "1"]

1. Nf3 Nf6 2. g3 g6 3. b3 Bg7 4. Bb2 0-0 5. Bg2 Nc6 6. c4 d6 7. 0-0 Bd7 8. d3 Qc8 9. Re1 e5 10. Nbd2 a5 11. a3 h6 12. Qc2 Re8 13. e4 Nh7 14. c5 Bf8 15. cxd6 Bxd6 16. Nc4 b5 17. Ne3 f6 18. Rac1 Ne7 19. d4 c6 20. dxe5 fxe5 21. Nxe5 Bxe5 22. Bxe5 Ng5 23. Qb2 Nf7 24. Bf6 Be6 25. e5 Ra6 26. Rc5 Nf5 27. Nxf5 Bxf5 28. Qc3 Bd7 29. Be4 Kh7 30. Rc1 Qb8 31. Qd3 1-0